03149nam a2200229Ia 45000010005000000080041000050100009000460410014000550820014000692450144000832600012002273000007002395200007002466300020002536300028002736300019003016500021003207000026003417000039003677000025004065202488004316183241029s9999 xx 000 0 und d a5822 aEspañol ano aplica 0aFamilias y Adolescentes en Conflicto con la Ley Instituto Preparatorio de Menores Máximo Antonio Álvarez, República Dominicana, 2007 aLa Vega a80 a70 aConducta Humana aDesajustes Conductuales aReadaptación aTerapia Familiar easesoraReyes, Rafael eautoraPeña Peña, Mirka Rebeca easesoraDunker, Jose aRepública dominicana como la mayoría de los países de América Latina, y el mundo,  está viviendo uno de sus momentos de violencia más severo. La violencia afecta a toda la población sin importar su clase social, ya que son diversos los tipos de  violencia que se registran diariamente, entre ellos tenemos la delincuencia juvenil.  El Objetivo de este proyecto es el Análisis de la dinámica familiar e influencia en  los adolescentes que han sido sancionados  y recluidos  en el  Instituto Preparatorio de Menores Máximo Antonio Álvarez  de la ciudad de la Vega, Rep. Dom. De que forma fue la dinámica familiar,  en las familias de  los adolescentes recluidos en el Instituto preparatorio de menores Máximo Antonio Álvarez. Cual es  la estructura  familiar de los adolescentes recluidos en el Instituto.    Identificar qué  tipo de conductas disóciales  presentan los adolescentes recluidos.  Evaluar cuál es el nivel socio-económico de las familias de los  adolescentes.El tipo de investigación es correlacional, cuyo objetivo es analizar la relación que existe entre los conceptos o variables a investigar. El método de investigación utilizado es el inductivo, el cual parte de la observación de la realidad y mediante la generalización de esa realidad en particular llegar a conclusiones. La investigación se realizó bajo el enfoque cualitativo, este  brinda la oportunidad de hacer uso de técnicas especializadas para lograr obtener respuesta a las  realidades, sistemas de relación y su estructura dinámica.  Bajo estos métodos, se utilizo la entrevista, cuestionario, Genogramas, la observación y además se consulto, diversas literaturas sobre la delincuencia juvenil y familia. La estructura familiar que se caracteriza en este estudio es que  un 70% provienen de multifamilia, en este mismo ambiente por lo menos  20% esta o ha vivido con uno de sus abuelos algún tiempo. Referente a la edad de los adolescentes, se encontró el 60% de 16 años y los demás son de 15, 17  y 19 mientras que su nivel de educación se determina que el 50% su nivel es Básico, 30% Nivel Medio, 20% Nivel Inicial. El 90% de las familias trabajadas vive en barrios muy pobres y marginados. Las familias y los adolescentes en conflicto con la ley, ha permitido determinar que las partes analizadas: las familias y adolescentes; han tenido como escenario común, un ambiente familiar no saludable.